Statistics for Fast Math - Double That Number! in 30 Seconds

Click here to take the quiz!

General Stats

  • This quiz has been taken 7,144 times
  • The average score is 7 of 16

Answer Stats

 Number Double% Correct
510
100%
5301060
100%
816
100%
84168
100%
91182
100%
220440
100%
3060
100%
3570
100%
4794
100%
8101620
91%
104208
91%
3264
91%
5121024
90%
5201040
90%
60120
90%
103206
90%
125250
90%
2448
90%
2856
90%
2754
89%
2958
89%
53106
88%
6221244
88%
6431286
88%
9001800
88%
1428
88%
203406
88%
2550
88%
261522
88%
3774
88%
443886
88%
5511102
87%
714
86%
70140
86%
85170
86%
9211842
86%
95190
86%
97194
86%
1632
86%
240480
86%
257514
86%
302604
86%
66132
85%
72144
85%
9071814
85%
414828
85%
4488
85%
5011002
83%
5041008
83%
5111022
83%
918
83%
99198
83%
120240
83%
190380
83%
2040
83%
2346
83%
253506
83%
350700
83%
9301860
82%
145290
82%
326652
82%
416832
82%
5221044
80%
55110
80%
57114
80%
59118
80%
6141228
80%
63126
80%
7011402
80%
7151430
80%
77154
80%
8481696
80%
8501700
80%
94188
80%
113226
80%
123246
80%
133266
80%
205410
80%
344688
80%
4182
80%
143286
79%
306612
79%
7191438
78%
76152
78%
1020
78%
130260
78%
161322
78%
1938
78%
199398
78%
2142
78%
310620
78%
404808
78%
440880
78%
450900
78%
7001400
77%
7071414
77%
75150
77%
81162
77%
108216
77%
403806
77%
407814
77%
5321064
75%
612
75%
6011202
75%
6191238
75%
87174
75%
9121824
75%
109218
75%
114228
75%
157314
75%
1836
75%
188376
75%
235470
75%
280560
75%
307614
75%
370740
75%
3978
75%
432864
75%
441882
75%
232464
74%
5021004
73%
6341268
73%
65130
73%
68136
73%
71142
73%
9501900
73%
213426
73%
400800
73%
422844
73%
5001000
71%
7261452
71%
73146
71%
8001600
71%
8141628
71%
90180
71%
9081816
71%
98196
71%
111222
71%
171342
71%
204408
71%
210420
71%
215430
71%
221442
71%
223446
71%
241482
71%
301602
71%
5051010
70%
5091018
70%
5571114
70%
56112
70%
9131826
70%
9221844
70%
110220
70%
127254
70%
144288
70%
1530
70%
175350
70%
216432
70%
225450
70%
259518
70%
311622
70%
340680
70%
54108
69%
6031206
69%
7041408
69%
183366
69%
4080
69%
426852
69%
460920
69%
5101020
67%
5171034
67%
5501100
67%
58116
67%
5901180
67%
61122
67%
6311262
67%
64128
67%
6441288
67%
6551310
67%
67134
67%
6701340
67%
7081416
67%
7131426
67%
8251650
67%
8751750
67%
9051810
67%
9161832
67%
92184
67%
9401880
67%
9451890
67%
9531906
67%
100200
67%
105210
67%
106212
67%
107214
67%
1122
67%
1326
67%
192384
67%
211422
67%
214428
67%
243486
67%
250500
67%
290580
67%
3162
67%
3366
67%
360720
67%
386772
67%
401802
67%
421842
67%
424848
67%
4386
67%
444888
67%
4896
67%
200400
65%
5341068
64%
5731146
64%
6401280
64%
6451290
64%
80160
64%
8261652
64%
86172
64%
9321864
64%
141282
64%
160320
64%
207414
64%
229458
64%
230460
64%
246492
64%
273546
64%
300600
64%
451902
64%
4692
64%
464928
64%
480960
64%
50100
63%
5081016
63%
6041208
63%
6501300
63%
6601320
63%
7371474
63%
7711542
63%
7921584
63%
8301660
63%
102204
63%
165330
63%
179358
63%
184368
63%
296592
63%
305610
63%
317634
63%
319638
63%
365730
63%
417834
63%
430860
63%
437874
63%
5421084
62%
5431086
62%
6161232
62%
8241648
62%
140280
62%
343686
62%
431862
62%
51102
60%
5241048
60%
5541108
60%
6301260
60%
6481296
60%
7171434
60%
7181436
60%
7301460
60%
7401480
60%
7501500
60%
7681536
60%
78156
60%
7811562
60%
7901580
60%
8011602
60%
8031606
60%
8051610
60%
8061612
60%
82164
60%
8231646
60%
8401680
60%
8521704
60%
9011802
60%
9151830
60%
9291858
60%
9381876
60%
135270
60%
178356
60%
271542
60%
303606
60%
313626
60%
321642
60%
333666
60%
3876
60%
397794
60%
402804
60%
405810
60%
452904
60%
463926
60%
465930
60%
4998
60%
52104
58%
5371074
58%
6111222
58%
8201640
58%
9341868
58%
132264
58%
217434
58%
222444
58%
231462
58%
304608
58%
408816
58%
412824
58%
415830
58%
5031006
57%
5361072
57%
6021204
57%
6051210
57%
6201240
57%
6211242
57%
6241248
57%
6901380
57%
7161432
57%
7991598
57%
8531706
57%
9111822
57%
9601920
57%
118236
57%
122244
57%
146292
57%
164328
57%
170340
57%
236472
57%
244488
57%
299598
57%
373746
57%
433866
57%
5061012
56%
5311062
56%
5441088
56%
5521104
56%
6131226
56%
6251250
56%
6541308
56%
6801360
56%
7051410
56%
8071614
56%
8211642
56%
8411682
56%
93186
56%
9851970
56%
9901980
56%
9941988
56%
116232
56%
136272
56%
154308
56%
2244
56%
312624
56%
320640
56%
331662
56%
338676
56%
3468
56%
347694
56%
353706
56%
442884
56%
454908
56%
456912
56%
470940
56%
5251050
55%
5411082
55%
7571514
55%
8221644
55%
9041808
55%
174348
55%
180360
55%
182364
55%
423846
55%
445890
55%
7031406
54%
8381676
54%
8841768
54%
168336
54%
189378
54%
291582
54%
191382
53%
334668
53%
5161032
50%
5181036
50%
5351070
50%
5491098
50%
5531106
50%
5751150
50%
6061212
50%
6101220
50%
6151230
50%
62124
50%
6281256
50%
6361272
50%
6391278
50%
6471294
50%
6531306
50%
6961392
50%
7061412
50%
7351470
50%
7411482
50%
7671534
50%
8171634
50%
83166
50%
8351670
50%
8371674
50%
8441688
50%
8541708
50%
8571714
50%
8581716
50%
8601720
50%
8621724
50%
8901780
50%
8991798
50%
9101820
50%
9421884
50%
9511902
50%
9611922
50%
115230
50%
124248
50%
131262
50%
134268
50%
172344
50%
177354
50%
193386
50%
194388
50%
208416
50%
218436
50%
219438
50%
226452
50%
233466
50%
245490
50%
2652
50%
264528
50%
279558
50%
283566
50%
284568
50%
297594
50%
315630
50%
316632
50%
318636
50%
322644
50%
352704
50%
364728
50%
381762
50%
390780
50%
410820
50%
411822
50%
413826
50%
4284
50%
425850
50%
438876
50%
4590
50%
455910
50%
471942
50%
472944
50%
487974
50%
493986
50%
5141028
48%
9731946
47%
249498
47%
380760
47%
5601120
46%
5931186
46%
6331266
46%
6641328
46%
7091418
46%
5261052
45%
5611122
45%
7201440
45%
7241448
45%
7441488
45%
8361672
45%
8671734
45%
8731746
45%
88176
45%
9361872
45%
129258
45%
142284
45%
149298
45%
156312
45%
206412
45%
234468
45%
260520
45%
266532
45%
308616
45%
384768
45%
429858
45%
5761152
44%
6421284
44%
6591318
44%
6621324
44%
6841368
44%
7141428
44%
7461492
44%
7761552
44%
7801560
44%
8281656
44%
9231846
44%
9351870
44%
9431886
44%
96192
44%
9861972
44%
151302
44%
152304
44%
242484
44%
258516
44%
329658
44%
379758
44%
391782
44%
436872
44%
5191038
43%
5271054
43%
5811162
43%
6121224
43%
6291258
43%
6321264
43%
7251450
43%
7381476
43%
7581516
43%
7601520
43%
7611522
43%
7831566
43%
7941588
43%
9181836
43%
9271854
43%
9311862
43%
9811962
43%
1224
43%
121242
43%
128256
43%
150300
43%
162324
43%
167334
43%
270540
43%
288576
43%
327654
43%
332664
43%
345690
43%
351702
43%
356712
43%
376752
43%
420840
43%
6351270
42%
6461292
42%
6791358
42%
8491698
42%
8801760
42%
9091818
42%
101202
42%
198396
42%
227454
42%
228456
42%
248496
42%
406812
42%
409818
42%
5951190
41%
469938
41%
5071014
40%
5911182
40%
5941188
40%
6071214
40%
6411282
40%
6491298
40%
7111422
40%
7391478
40%
7541508
40%
7551510
40%
7721544
40%
7881576
40%
8091618
40%
8111622
40%
8131626
40%
8271654
40%
8451690
40%
8611722
40%
8701740
40%
9061812
40%
9331866
40%
9561912
40%
9801960
40%
155310
40%
158316
40%
163326
40%
176352
40%
274548
40%
325650
40%
349698
40%
372744
40%
434868
40%
447894
40%
448896
40%
476952
40%
482964
40%
494988
40%
5331066
38%
6611322
38%
6631326
38%
6751350
38%
6891378
38%
6921384
38%
7221444
38%
7341468
38%
74148
38%
7431486
38%
8461692
38%
8661732
38%
8691738
38%
9201840
38%
9281856
38%
9491898
38%
9711942
38%
9821964
38%
138276
38%
169338
38%
201402
38%
209418
38%
238476
38%
239478
38%
256512
38%
272544
38%
277554
38%
278556
38%
323646
38%
341682
38%
355710
38%
357714
38%
366732
38%
399798
38%
419838
38%
485970
38%
498996
38%
499998
38%
5131026
36%
5151030
36%
5381076
36%
5841168
36%
6651330
36%
6731346
36%
6991398
36%
7121424
36%
7781556
36%
7951590
36%
8561712
36%
9371874
36%
9881976
36%
117234
36%
185370
36%
186372
36%
254508
36%
262524
36%
294588
36%
309618
36%
367734
36%
374748
36%
418836
36%
428856
36%
467934
36%
483966
36%
5211042
33%
5281056
33%
5401080
33%
5471094
33%
5561112
33%
5581116
33%
5701140
33%
5861172
33%
6001200
33%
6181236
33%
6261252
33%
6371274
33%
6691338
33%
6711342
33%
6821364
33%
69138
33%
7101420
33%
7211442
33%
7311462
33%
7331466
33%
7421484
33%
7491498
33%
7511502
33%
7531506
33%
7661532
33%
7701540
33%
7791558
33%
79158
33%
7971594
33%
8021604
33%
8181636
33%
8321664
33%
8721744
33%
8821764
33%
8911782
33%
8941788
33%
8971794
33%
9021804
33%
9471894
33%
9621924
33%
9841968
33%
9911982
33%
137274
33%
148296
33%
153306
33%
173346
33%
181362
33%
195390
33%
196392
33%
197394
33%
202404
33%
252504
33%
263526
33%
267534
33%
275550
33%
293586
33%
339678
33%
3672
33%
361722
33%
371742
33%
382764
33%
383766
33%
393786
33%
435870
33%
453906
33%
462924
33%
491982
33%
495990
33%
497994
33%
7451490
31%
7521504
31%
7731546
31%
7821564
31%
8641728
31%
8771754
31%
9141828
31%
9781956
31%
5391078
30%
5481096
30%
5661132
30%
5781156
30%
5981196
30%
6271254
30%
6561312
30%
6811362
30%
6871374
30%
7271454
30%
7621524
30%
8711742
30%
8831766
30%
9191838
30%
9411882
30%
9571914
30%
9921984
30%
166332
30%
287574
30%
359718
30%
475950
30%
5291058
29%
5651130
29%
6521304
29%
8041608
29%
8551710
29%
8591718
29%
8891778
29%
9251850
29%
9751950
29%
112224
29%
119238
29%
159318
29%
212424
29%
255510
29%
328656
29%
330660
29%
358716
29%
362724
29%
363726
29%
369738
29%
385770
29%
457914
29%
466932
29%
473946
29%
479958
29%
6831366
28%
6081216
27%
6951390
27%
7231446
27%
7291458
27%
7741548
27%
7981596
27%
8081616
27%
8121624
27%
8471694
27%
8631726
27%
9171834
27%
139278
27%
281562
27%
298596
27%
348696
27%
486972
27%
5461092
25%
5831166
25%
6381276
25%
6771354
25%
6861372
25%
7481496
25%
7851570
25%
8161632
25%
8861772
25%
8921784
25%
8951790
25%
8981796
25%
9461892
25%
9581916
25%
9591918
25%
9721944
25%
9871974
25%
1734
25%
187374
25%
224448
25%
251502
25%
295590
25%
324648
25%
336672
25%
375750
25%
439878
25%
459918
25%
461922
25%
477954
25%
481962
25%
490980
25%
492984
25%
5681136
23%
7751550
23%
8511702
23%
9541908
23%
276552
23%
337674
23%
5551110
22%
5621124
22%
6681336
22%
6761352
22%
7021404
22%
7641528
22%
9241848
22%
9441888
22%
9631926
22%
9891978
22%
335670
22%
389778
22%
449898
22%
496992
22%
9261852
21%
5451090
20%
5631126
20%
5721144
20%
6231246
20%
6571314
20%
6721344
20%
6741348
20%
6931386
20%
6941388
20%
7281456
20%
7321464
20%
7651530
20%
7861572
20%
7871574
20%
8151630
20%
8191638
20%
8421684
20%
8431686
20%
8741748
20%
89178
20%
9641928
20%
9671934
20%
126252
20%
147294
20%
269538
20%
292584
20%
314628
20%
377754
20%
392784
20%
395790
20%
446892
20%
484968
20%
7961592
19%
286572
19%
5771154
18%
5871174
18%
7691538
18%
8961792
18%
9481896
18%
9681936
18%
398796
18%
474948
18%
5231046
17%
5801160
17%
5851170
17%
5891178
17%
6091218
17%
6511302
17%
6581316
17%
6781356
17%
8291658
17%
8341668
17%
8761752
17%
8931786
17%
9031806
17%
9391878
17%
9691938
17%
9931986
17%
342684
17%
427854
17%
458916
17%
478956
17%
5971194
15%
6971394
15%
7911582
15%
5641128
14%
5671134
14%
5921184
14%
5991198
14%
6671334
14%
6851370
14%
7561512
14%
9551910
14%
9661932
14%
9701940
14%
9791958
14%
282564
14%
394788
14%
488976
14%
489978
14%
5821164
13%
5961192
13%
6881376
13%
6981396
13%
7471494
13%
7931586
13%
8331666
13%
8681736
13%
8781756
13%
9651930
13%
237474
13%
285570
13%
346692
13%
368736
13%
5741148
11%
5791158
11%
5881176
11%
8391678
11%
9741948
11%
9761952
11%
354708
11%
387774
11%
5691138
10%
8791758
10%
8871774
10%
9521904
10%
9831966
10%
7361472
9%
8851770
9%
8881776
9%
247494
9%
378756
9%
388776
9%
6661332
8%
7841568
7%
8651730
7%
9771954
7%
5591118
0%
5711142
0%
6171234
0%
6911382
0%
7591518
0%
7631526
0%
7771554
0%
7891578
0%
8311662
0%
8811762
0%
265530
0%
268536
0%
289578
0%
396792
0%
468936
0%

Score Distribution

Percentile by Number Answered

Percent of People with Each Score

Your Score History

You have not taken this quiz